000 00370nam a2200157Ia 4500
008 230917s9999||||xx |||||||||||||| ||und||
020 _cRS24
040 _e23893
_aMAIN
041 _aEnglish
082 _a658.3 M742P
100 _aMonappa, Arun
245 0 _aPersonnel management
260 _aNew Delhi
_bTata McGraw-Hill
_c1979
300 _a327 p.
942 _cBK
999 _c201495
_d201495